[Event "European Club Cup"]
[Site "chess24.com"]
[Date "2018.10.16"]
[Round "5"]
[White "Filipovic, Slobodan J"]
[Black "Halmeenmaki, Tuomo"]
[Result "0-1"]
[WhiteElo "2202"]
[BlackElo "2177"]
[Annotator ""]
[Source ""]
[Remark ""]

1.d4 {[%clk 1:30:54]} Nf6 {[%clk 1:30:52]} 2.g3 {[%clk 1:31:17]}
g6 {[%clk 1:31:15]} 3.Bg2 {[%clk 1:31:41]} Bg7 {[%clk 1:31:38]}
4.e4 {[%clk 1:32:06]} d6 {[%clk 1:31:54]} 5.Nc3 {[%clk 1:32:29]}
O-O {[%clk 1:32:14]} 6.Nge2 {[%clk 1:32:52]} e5 {[%clk 1:31:51]}
7.h3 {[%clk 1:33:05]} c6 {[%clk 1:31:36]} 8.a4 {[%clk 1:33:24]}
a5 {[%clk 1:30:59]} 9.O-O {[%clk 1:33:38]} Na6 {[%clk 1:29:18]}
10.Be3 {[%clk 1:33:34]} Nb4 {[%clk 1:27:20]} 11.f4 {[%clk 1:32:56]}
exd4 {[%clk 1:02:01]} 12.Bxd4 {[%clk 1:30:30]} d5 {[%clk 0:43:26]}
13.e5 {[%clk 1:29:03]} Nd7 {[%clk 0:43:10]} 14.g4 {[%clk 1:28:00]}
Re8 {[%clk 0:41:14]} 15.g5 {[%clk 1:25:20]} Nf8 {[%clk 0:36:04]}
16.Qd2 {[%clk 1:20:17]} Ne6 {[%clk 0:26:09]} 17.Bf2 {[%clk 1:17:38]}
Bf8 {[%clk 0:26:27]} 18.Ng3 {[%clk 1:11:36]} Ng7 {[%clk 0:25:57]}
19.Nce2 {[%clk 1:11:29]} Nf5 {[%clk 0:25:48]} 20.c3 {[%clk 1:11:10]}
Na6 {[%clk 0:25:48]} 21.Nxf5 {[%clk 1:09:42]} Bxf5 {[%clk 0:26:10]}
22.Ng3 {[%clk 1:08:59]} Qd7 {[%clk 0:22:08]} 23.Kh2 {[%clk 1:06:49]}
Nc5 {[%clk 0:22:18]} 24.Bxc5 {[%clk 1:03:04]} Bxc5 {[%clk 0:22:29]}
25.Nxf5 {[%clk 1:00:51]} Qxf5 {[%clk 0:22:51]} 26.Rae1 {[%clk 1:00:56]}
d4 {[%clk 0:14:42]} 27.Be4 {[%clk 1:00:38]} Qe6 {[%clk 0:14:08]}
28.Qc2 {[%clk 1:00:36]} dxc3 {[%clk 0:13:58]} 29.bxc3 {[%clk 1:00:58]}
Rad8 {[%clk 0:12:58]} 30.Kg2 {[%clk 0:57:22]} Qc4 {[%clk 0:10:51]}
31.h4 {[%clk 0:55:12]} Rd7 {[%clk 0:08:48]} 32.h5 {[%clk 0:55:18]}
Red8 {[%clk 0:09:12]} 33.Re2 {[%clk 0:54:41]} Be3 {[%clk 0:06:59]}
34.Rff2 {[%clk 0:46:32]} Bxf2 {[%clk 0:06:02]} 35.Rxf2 {[%clk 0:45:59]}
Qc5 {[%clk 0:03:34]} 36.hxg6 {[%clk 0:41:37]} hxg6 {[%clk 0:02:25]}
37.Re2 {[%clk 0:41:17]} Qc4 {[%clk 0:01:43]} 38.Bxg6 {[%clk 0:40:36]}
Qxe2+ {[%clk 0:01:11]} 39.Qxe2 {[%clk 0:41:02]} Rd2 {[%clk 0:01:29]}
40.Bh5 {[%clk 1:11:31]} Rxe2+ {[%clk 0:31:26]} 41.Bxe2 {[%clk 1:12:00]}
Rd2 {[%clk 0:28:25]} 42.Kf3 {[%clk 1:12:22]} Ra2 {[%clk 0:28:26]}
43.g6 {[%clk 1:12:40]} Rxa4 {[%clk 0:27:58]} 44.gxf7+ {[%clk 1:13:02]}
Kxf7 {[%clk 0:28:13]} 45.Bd1 {[%clk 1:13:23]} Ra3 {[%clk 0:27:18]}
46.Ke4 {[%clk 1:13:08]} Rxc3 {[%clk 0:27:33]} 47.Bh5+ {[%clk 1:13:25]}
Ke7 {[%clk 0:27:25]} 48.f5 {[%clk 1:13:10]} Rc4+ {[%clk 0:26:32]}
49.Kd3 {[%clk 1:08:48]} Rh4 {[%clk 0:24:29]} 50.Bd1 {[%clk 1:05:24]}
Rf4 {[%clk 0:23:43]} 51.f6+ {[%clk 1:05:20]} Ke6 {[%clk 0:23:56]}
52.Ke3 {[%clk 1:05:38]} Kxe5 {[%clk 0:23:51]} 0-1

[Event "European Club Cup"]
[Site "chess24.com"]
[Date "2018.10.16"]
[Round "5"]
[White "Linnanen, Lassi"]
[Black "Stanic, Zoran"]
[Result "1-0"]
[WhiteElo "2153"]
[BlackElo "2143"]
[Annotator ""]
[Source ""]
[Remark ""]

1.e4 {[%clk 1:30:51]} d6 {[%clk 1:30:17]} 2.d4 {[%clk 1:31:09]}
Nf6 {[%clk 1:30:40]} 3.Nc3 {[%clk 1:31:32]} g6 {[%clk 1:31:05]}
4.Nf3 {[%clk 1:31:48]} Bg7 {[%clk 1:31:12]} 5.Be2 {[%clk 1:32:10]}
O-O {[%clk 1:31:08]} 6.O-O {[%clk 1:32:30]} Bg4 {[%clk 1:31:07]}
7.h3 {[%clk 1:32:15]} Bxf3 {[%clk 1:31:25]} 8.Bxf3 {[%clk 1:32:39]}
Nc6 {[%clk 1:31:32]} 9.Ne2 {[%clk 1:32:29]} e5 {[%clk 1:30:27]}
10.c3 {[%clk 1:31:06]} Rb8 {[%clk 1:06:19]} 11.Be3 {[%clk 1:26:10]}
a5 {[%clk 0:54:40]} 12.d5 {[%clk 1:20:52]} Ne7 {[%clk 0:51:32]}
13.c4 {[%clk 1:20:22]} Nd7 {[%clk 0:50:41]} 14.a3 {[%clk 1:13:44]}
f5 {[%clk 0:48:38]} 15.b4 {[%clk 1:12:29]} f4 {[%clk 0:46:36]}
16.Bd2 {[%clk 1:12:44]} axb4 {[%clk 0:46:19]} 17.axb4 {[%clk 1:13:03]}
b6 {[%clk 0:45:43]} 18.Nc3 {[%clk 1:12:02]} Nf6 {[%clk 0:38:56]}
19.Nb5 {[%clk 1:11:13]} Rf7 {[%clk 0:34:53]} 20.Qe2 {[%clk 1:07:29]}
h5 {[%clk 0:30:02]} 21.Rfc1 {[%clk 1:07:32]} Nc8 {[%clk 0:24:36]}
22.Rc2 {[%clk 1:03:11]} Bf8 {[%clk 0:17:43]} 23.Bc3 {[%clk 1:01:31]}
Rh7 {[%clk 0:15:28]} 24.c5 {[%clk 0:52:30]} bxc5 {[%clk 0:13:36]}
25.bxc5 {[%clk 0:52:50]} Qe8 {[%clk 0:13:31]} 26.Rb2 {[%clk 0:50:55]}
Qd7 {[%clk 0:10:12]} 27.c6 {[%clk 0:34:48]} Qd8 {[%clk 0:08:02]}
28.Ba5 {[%clk 0:35:03]} Nb6 {[%clk 0:05:30]} 29.Nxc7 {[%clk 0:34:33]}
Qxc7 {[%clk 0:04:47]} 30.Rab1 {[%clk 0:34:53]} g5 {[%clk 0:04:59]}
31.Rxb6 {[%clk 0:31:01]} Rxb6 {[%clk 0:04:07]} 32.Rxb6 {[%clk 0:29:53]}
Qc8 {[%clk 0:02:48]} 33.Qa6 {[%clk 0:30:05]} Qe8 {[%clk 0:02:49]}
34.Rb7 {[%clk 0:25:01]} g4 {[%clk 0:02:54]} 35.Rxh7 {[%clk 0:24:48]}
Kxh7 {[%clk 0:03:10]} 36.c7 {[%clk 0:24:04]} gxf3 {[%clk 0:03:18]}
37.c8Q {[%clk 0:24:01]} 1-0

[Event "European Club Cup"]
[Site "chess24.com"]
[Date "2018.10.16"]
[Round "5"]
[White "Schwerteck, Michael"]
[Black "Lammi, Jyri"]
[Result "0-1"]
[WhiteElo "2077"]
[BlackElo "2099"]
[Annotator ""]
[Source ""]
[Remark ""]

1.e4 {[%clk 1:30:54]} Nc6 {[%clk 1:30:50]} 2.Nf3 {[%clk 1:30:56]}
e6 {[%clk 1:30:56]} 3.d4 {[%clk 1:30:57]} d5 {[%clk 1:31:11]}
4.Nbd2 {[%clk 1:29:16]} Nf6 {[%clk 1:25:38]} 5.e5 {[%clk 1:28:47]}
Ne4 {[%clk 1:25:43]} 6.c3 {[%clk 1:25:12]} Nxd2 {[%clk 1:25:02]}
7.Bxd2 {[%clk 1:24:43]} Ne7 {[%clk 1:21:34]} 8.Bg5 {[%clk 1:14:22]}
h6 {[%clk 1:21:54]} 9.Bxe7 {[%clk 1:11:56]} Bxe7 {[%clk 1:21:21]}
10.b4 {[%clk 1:03:34]} a5 {[%clk 1:12:28]} 11.a3 {[%clk 0:56:44]}
Bd7 {[%clk 1:10:55]} 12.Bd3 {[%clk 0:55:42]} c6 {[%clk 1:05:37]}
13.O-O {[%clk 0:54:14]} b6 {[%clk 1:03:29]} 14.Nd2 {[%clk 0:40:55]}
axb4 {[%clk 0:54:33]} 15.axb4 {[%clk 0:39:56]} c5 {[%clk 0:54:09]}
16.bxc5 {[%clk 0:36:42]} bxc5 {[%clk 0:54:37]} 17.Qg4 {[%clk 0:34:16]}
O-O {[%clk 0:47:53]} 18.c4 {[%clk 0:18:13]} Bc6 {[%clk 0:39:49]}
19.dxc5 {[%clk 0:14:25]} Bxc5 {[%clk 0:35:55]} 20.cxd5 {[%clk 0:11:14]}
Rxa1 {[%clk 0:35:14]} 21.Rxa1 {[%clk 0:11:23]} Qxd5 {[%clk 0:34:14]}
22.Qe4 {[%clk 0:10:22]} Qxe4 {[%clk 0:33:39]} 23.Bxe4 {[%clk 0:08:02]}
Rd8 {[%clk 0:20:06]} 24.Bxc6 {[%clk 0:08:16]} Rxd2 {[%clk 0:20:24]}
25.Rf1 {[%clk 0:08:06]} Bd4 {[%clk 0:20:22]} 26.Bf3 {[%clk 0:03:39]}
Bxe5 {[%clk 0:20:21]} 27.Rd1 {[%clk 0:03:51]} Rb2 {[%clk 0:19:33]}
28.g3 {[%clk 0:03:52]} Kf8 {[%clk 0:19:27]} 29.Re1 {[%clk 0:03:57]}
Bd4 {[%clk 0:19:03]} 30.Re2 {[%clk 0:04:22]} Rb1+ {[%clk 0:18:08]}
31.Kg2 {[%clk 0:04:50]} Rc1 {[%clk 0:18:27]} 32.g4 {[%clk 0:03:38]}
Ke7 {[%clk 0:17:11]} 33.h4 {[%clk 0:03:24]} g6 {[%clk 0:15:46]}
34.Be4 {[%clk 0:02:14]} Rc5 {[%clk 0:15:02]} 35.Rc2 {[%clk 0:01:09]}
Re5 {[%clk 0:12:56]} 36.Bd3 {[%clk 0:01:27]} f5 {[%clk 0:12:56]}
37.gxf5 {[%clk 0:01:08]} gxf5 {[%clk 0:13:08]} 38.Kf3 {[%clk 0:00:41]}
Kd6 {[%clk 0:10:31]} 39.Rc8 {[%clk 0:00:47]} Re1 {[%clk 0:08:43]}
40.Ra8 {[%clk 0:30:33]} Rh1 {[%clk 0:34:16]} 41.Kg3 {[%clk 0:21:35]}
Rg1+ {[%clk 0:33:26]} 42.Kf3 {[%clk 0:19:54]} Rg4 {[%clk 0:33:32]}
43.Bc4 {[%clk 0:12:32]} e5 {[%clk 0:29:37]} 44.Ra2 {[%clk 0:04:01]}
Bxf2 {[%clk 0:19:06]} 45.Ra6+ {[%clk 0:04:22]} Kc5 {[%clk 0:18:43]}
46.Kxf2 {[%clk 0:03:30]} Rxc4 {[%clk 0:17:17]} 47.Rxh6 {[%clk 0:03:44]}
Kd4 {[%clk 0:16:38]} 48.Rd6+ {[%clk 0:03:34]} Ke4 {[%clk 0:17:01]}
49.h5 {[%clk 0:02:53]} f4 {[%clk 0:16:35]} 50.Kg2 {[%clk 0:02:06]}
Rc2+ {[%clk 0:16:16]} 51.Kh3 {[%clk 0:02:23]} Rc7 {[%clk 0:14:42]}
52.Ra6 {[%clk 0:01:42]} Kf5 {[%clk 0:13:02]} 53.h6 {[%clk 0:01:04]}
Re7 {[%clk 0:12:49]} 54.Kh4 {[%clk 0:00:37]} e4 {[%clk 0:12:08]}
55.Ra5+ {[%clk 0:00:52]} Kg6 {[%clk 0:12:34]} 56.Ra6+ {[%clk 0:00:56]}
Kh7 {[%clk 0:12:52]} 57.Kg4 {[%clk 0:00:53]} f3 {[%clk 0:12:47]}
58.Ra2 {[%clk 0:00:55]} Rf7 {[%clk 0:12:29]} 59.Rf2 {[%clk 0:00:37]}
Kxh6 {[%clk 0:12:36]} 60.Rh2+ {[%clk 0:00:33]} Kg6 {[%clk 0:12:56]}
61.Rf2 {[%clk 0:00:35]} Rf6 {[%clk 0:13:18]} 0-1

[Event "European Club Cup"]
[Site "chess24.com"]
[Date "2018.10.16"]
[Round "5"]
[White "Kivilahti, Rami"]
[Black "Stern, Geoffrey"]
[Result "0-1"]
[WhiteElo "2057"]
[BlackElo "1993"]
[Annotator ""]
[Source ""]
[Remark ""]

1.e4 {[%clk 1:30:55]} e6 {[%clk 1:30:59]} 2.d4 {[%clk 1:31:14]}
d5 {[%clk 1:31:28]} 3.Bd3 {[%clk 1:31:29]} dxe4 {[%clk 1:31:35]}
4.Bxe4 {[%clk 1:31:54]} Nf6 {[%clk 1:31:23]} 5.Bf3 {[%clk 1:32:21]}
c5 {[%clk 1:30:42]} 6.Be3 {[%clk 1:31:43]} Be7 {[%clk 1:29:14]}
7.Nc3 {[%clk 1:25:56]} cxd4 {[%clk 1:19:44]} 8.Bxd4 {[%clk 1:20:14]}
Nc6 {[%clk 1:16:07]} 9.Nge2 {[%clk 1:13:40]} O-O {[%clk 1:12:10]}
10.O-O {[%clk 1:11:43]} Nxd4 {[%clk 1:10:41]} 11.Nxd4 {[%clk 1:05:40]}
Qb6 {[%clk 0:56:42]} 12.Nb3 {[%clk 0:57:58]} Rd8 {[%clk 0:54:46]}
13.Qe2 {[%clk 0:57:56]} Bd7 {[%clk 0:53:52]} 14.a4 {[%clk 0:55:01]}
Bc6 {[%clk 0:49:11]} 15.a5 {[%clk 0:53:39]} Bxf3 {[%clk 0:44:46]}
16.Qxf3 {[%clk 0:53:22]} Qa6 {[%clk 0:44:38]} 17.Qe2 {[%clk 0:48:36]}
Qxe2 {[%clk 0:40:27]} 18.Nxe2 {[%clk 0:48:55]} Rac8 {[%clk 0:36:16]}
19.c3 {[%clk 0:47:46]} a6 {[%clk 0:32:22]} 20.Ned4 {[%clk 0:41:56]}
g6 {[%clk 0:30:38]} 21.Rfe1 {[%clk 0:38:51]} Rd5 {[%clk 0:27:14]}
22.f4 {[%clk 0:23:19]} Ne8 {[%clk 0:26:14]} 23.Ra4 {[%clk 0:16:51]}
Rd7 {[%clk 0:22:08]} 24.Kf2 {[%clk 0:09:44]} Nd6 {[%clk 0:20:46]}
25.Rea1 {[%clk 0:09:24]} Nc4 {[%clk 0:18:28]} 26.R1a2 {[%clk 0:09:44]}
Kf8 {[%clk 0:16:35]} 27.g3 {[%clk 0:09:31]} e5 {[%clk 0:14:23]}
28.fxe5 {[%clk 0:09:02]} Nxe5 {[%clk 0:14:39]} 29.Kg2 {[%clk 0:06:52]}
Nc4 {[%clk 0:13:06]} 30.h3 {[%clk 0:05:05]} Kg7 {[%clk 0:12:36]}
31.Nf3 {[%clk 0:04:53]} Rd1 {[%clk 0:11:39]} 32.Nbd4 {[%clk 0:02:33]}
Rb1 {[%clk 0:08:24]} 33.b4 {[%clk 0:02:16]} Ne3+ {[%clk 0:06:33]}
34.Kh2 {[%clk 0:02:06]} Rxc3 {[%clk 0:06:29]} 35.Re2 {[%clk 0:00:31]}
Nf1+ {[%clk 0:05:04]} 36.Kg2 {[%clk 0:00:44]} Ne3+ {[%clk 0:03:28]}
37.Kf2 {[%clk 0:00:52]} Rf1# {[%clk 0:03:27]} 0-1

[Event "European Club Cup"]
[Site "chess24.com"]
[Date "2018.10.17"]
[Round "6"]
[White "Taylor, Adam C"]
[Black "Issakainen, Ari"]
[Result "1-0"]
[WhiteElo "2321"]
[BlackElo "2185"]
[Annotator ""]
[Source ""]
[Remark ""]

1.Nf3 {[%clk 1:30:56]} Nf6 {[%clk 1:30:30]} 2.g3 {[%clk 1:31:19]}
b6 {[%clk 1:29:55]} 3.Bg2 {[%clk 1:31:43]} Bb7 {[%clk 1:30:19]}
4.O-O {[%clk 1:32:07]} c5 {[%clk 1:29:40]} 5.c4 {[%clk 1:32:29]}
g6 {[%clk 1:28:54]} 6.Nc3 {[%clk 1:31:55]} Bg7 {[%clk 1:29:09]}
7.d4 {[%clk 1:32:06]} cxd4 {[%clk 1:29:20]} 8.Qxd4 {[%clk 1:32:31]}
d6 {[%clk 1:28:27]} 9.Rd1 {[%clk 1:29:37]} Nbd7 {[%clk 1:27:13]}
10.Qh4 {[%clk 1:08:16]} Rc8 {[%clk 1:22:34]} 11.Bh6 {[%clk 1:02:26]}
O-O {[%clk 1:11:43]} 12.b3 {[%clk 0:57:57]} a6 {[%clk 1:10:44]}
13.Rac1 {[%clk 0:58:22]} Rc5 {[%clk 1:07:02]} 14.Bxg7 {[%clk 0:45:13]}
Kxg7 {[%clk 1:05:36]} 15.a4 {[%clk 0:41:17]} Qa8 {[%clk 1:03:10]}
16.Ne1 {[%clk 0:38:48]} Bxg2 {[%clk 0:52:53]} 17.Nxg2 {[%clk 0:39:13]}
Rh5 {[%clk 0:48:34]} 18.Qd4 {[%clk 0:35:35]} Nc5 {[%clk 0:48:44]}
19.Rb1 {[%clk 0:32:06]} Ne6 {[%clk 0:48:10]} 20.Qd2 {[%clk 0:30:31]}
Ng4 {[%clk 0:35:02]} 21.h4 {[%clk 0:26:48]} Rf5 {[%clk 0:31:55]}
22.f3 {[%clk 0:22:46]} Ne5 {[%clk 0:28:50]} 23.f4 {[%clk 0:22:09]}
Ng4 {[%clk 0:26:54]} 24.e4 {[%clk 0:22:02]} Rc5 {[%clk 0:25:16]}
25.Ne3 {[%clk 0:22:24]} Nxe3 {[%clk 0:23:51]} 26.Qxe3 {[%clk 0:22:51]}
Qb7 {[%clk 0:22:58]} 27.Rf1 {[%clk 0:10:24]} f6 {[%clk 0:22:56]}
28.Qd3 {[%clk 0:09:15]} Rcc8 {[%clk 0:16:28]} 29.Qd5 {[%clk 0:08:14]}
Qd7 {[%clk 0:16:26]} 30.Kh2 {[%clk 0:07:54]} Rc5 {[%clk 0:16:06]}
31.Qd3 {[%clk 0:08:19]} Rh5 {[%clk 0:15:05]} 32.Kg2 {[%clk 0:06:47]}
Rb8 {[%clk 0:14:33]} 33.Qe3 {[%clk 0:06:13]} Nc5 {[%clk 0:13:41]}
34.Rfd1 {[%clk 0:06:15]} Qg4 {[%clk 0:10:43]} 35.Qf3 {[%clk 0:03:09]}
Rxh4 {[%clk 0:06:10]} 36.Qxg4 {[%clk 0:03:34]} Rxg4 {[%clk 0:06:35]}
37.b4 {[%clk 0:04:02]} Ne6 {[%clk 0:06:22]} 38.Nd5 {[%clk 0:04:28]}
f5 {[%clk 0:02:55]} 39.Ne3 {[%clk 0:02:28]} Nxf4+ {[%clk 0:02:56]}
40.Kf3 {[%clk 0:32:55]} Nh3 {[%clk 0:30:57]} 41.Nxg4 {[%clk 0:32:06]}
fxg4+ {[%clk 0:31:24]} 42.Ke3 {[%clk 0:31:11]} Kf6 {[%clk 0:30:51]}
43.c5 {[%clk 0:29:59]} Ke6 {[%clk 0:29:44]} 44.cxb6 {[%clk 0:25:42]}
Rxb6 {[%clk 0:30:02]} 45.b5 {[%clk 0:26:03]} axb5 {[%clk 0:30:20]}
46.axb5 {[%clk 0:26:29]} h5 {[%clk 0:30:35]} 47.Rdc1 {[%clk 0:13:40]}
Kd7 {[%clk 0:30:08]} 48.Rf1 {[%clk 0:14:08]} Ng5 {[%clk 0:30:12]}
49.Rf8 {[%clk 0:13:55]} Nf3 {[%clk 0:30:24]} 50.Ra8 {[%clk 0:13:46]}
Ne5 {[%clk 0:28:28]} 51.Kf4 {[%clk 0:13:55]} Nf3 {[%clk 0:25:14]}
52.Ra6 {[%clk 0:13:19]} Rb8 {[%clk 0:24:48]} 53.Ra7+ {[%clk 0:13:44]}
Ke6 {[%clk 0:24:39]} 54.b6 {[%clk 0:14:08]} g5+ {[%clk 0:21:50]}
55.Ke3 {[%clk 0:14:35]} Ne5 {[%clk 0:22:01]} 56.Rc7 {[%clk 0:13:39]}
Nd7 {[%clk 0:13:32]} 57.b7 {[%clk 0:14:04]} Nc5 {[%clk 0:13:49]}
58.Rb5 {[%clk 0:13:43]} h4 {[%clk 0:12:48]} 59.Rc8 {[%clk 0:14:04]}
Nd7 {[%clk 0:11:37]} 60.Rxb8 {[%clk 0:14:24]} Nxb8 {[%clk 0:12:05]}
61.Rxg5 {[%clk 0:14:45]} hxg3 {[%clk 0:12:09]} 62.Rg8 {[%clk 0:14:47]}
 1-0

[Event "European Club Cup"]
[Site "chess24.com"]
[Date "2018.10.17"]
[Round "6"]
[White "Halmeenmaki, Tuomo"]
[Black "Pein, Malcolm"]
[Result "1-0"]
[WhiteElo "2177"]
[BlackElo "2327"]
[Annotator ""]
[Source ""]
[Remark ""]

1.Nf3 {[%clk 1:30:56]} g6 {[%clk 1:30:39]} 2.g3 {[%clk 1:31:17]}
Bg7 {[%clk 1:31:05]} 3.Bg2 {[%clk 1:31:39]} d5 {[%clk 1:31:07]}
4.O-O {[%clk 1:31:59]} c5 {[%clk 1:31:11]} 5.d3 {[%clk 1:32:04]}
Nc6 {[%clk 1:31:36]} 6.Nbd2 {[%clk 1:31:59]} e6 {[%clk 1:31:14]}
7.e4 {[%clk 1:31:37]} Nge7 {[%clk 1:31:37]} 8.c3 {[%clk 1:29:15]}
b6 {[%clk 1:31:33]} 9.Re1 {[%clk 1:19:30]} h6 {[%clk 1:31:52]}
10.Nf1 {[%clk 1:13:37]} d4 {[%clk 1:17:05]} 11.c4 {[%clk 1:08:35]}
e5 {[%clk 1:13:27]} 12.a3 {[%clk 0:51:57]} Be6 {[%clk 1:09:15]}
13.Bd2 {[%clk 0:46:44]} a5 {[%clk 1:05:03]} 14.Rb1 {[%clk 0:35:32]}
a4 {[%clk 0:59:55]} 15.b3 {[%clk 0:34:43]} axb3 {[%clk 0:58:54]}
16.Qxb3 {[%clk 0:32:28]} Rb8 {[%clk 0:53:49]} 17.Qc2 {[%clk 0:30:50]}
O-O {[%clk 0:49:38]} 18.Nh4 {[%clk 0:27:00]} Ra8 {[%clk 0:45:49]}
19.Qc1 {[%clk 0:21:50]} Kh7 {[%clk 0:45:03]} 20.f4 {[%clk 0:21:08]}
Bd7 {[%clk 0:42:11]} 21.f5 {[%clk 0:17:36]} g5 {[%clk 0:39:53]}
22.Nf3 {[%clk 0:17:14]} f6 {[%clk 0:32:54]} 23.g4 {[%clk 0:17:03]}
Ra6 {[%clk 0:29:56]} 24.h4 {[%clk 0:15:04]} Kg8 {[%clk 0:26:59]}
25.Ng3 {[%clk 0:15:04]} Qa8 {[%clk 0:26:59]} 26.hxg5 {[%clk 0:14:53]}
hxg5 {[%clk 0:26:53]} 27.Nh5 {[%clk 0:13:30]} Rf7 {[%clk 0:26:51]}
28.Bxg5 {[%clk 0:12:28]} fxg5 {[%clk 0:26:24]} 29.Qxg5 {[%clk 0:11:52]}
Nd8 {[%clk 0:23:38]} 30.Nxe5 {[%clk 0:10:57]} 1-0

[Event "European Club Cup"]
[Site "chess24.com"]
[Date "2018.10.17"]
[Round "6"]
[White "Willow, Jonah B"]
[Black "Linnanen, Lassi"]
[Result "1-0"]
[WhiteElo "2271"]
[BlackElo "2153"]
[Annotator ""]
[Source ""]
[Remark ""]

1.Nc3 {[%clk 1:30:55]} c5 {[%clk 1:28:39]} 2.e4 {[%clk 1:30:52]}
Nc6 {[%clk 1:28:52]} 3.Nge2 {[%clk 1:30:45]} g6 {[%clk 1:26:59]}
4.g3 {[%clk 1:30:09]} Bg7 {[%clk 1:27:16]} 5.Bg2 {[%clk 1:30:35]}
e6 {[%clk 1:26:52]} 6.d3 {[%clk 1:30:44]} Nge7 {[%clk 1:27:12]}
7.Be3 {[%clk 1:30:24]} Nd4 {[%clk 1:25:23]} 8.Qd2 {[%clk 1:30:01]}
Nec6 {[%clk 1:21:36]} 9.Nd1 {[%clk 1:29:30]} Nxe2 {[%clk 1:19:46]}
10.Qxe2 {[%clk 1:29:55]} d6 {[%clk 1:19:42]} 11.O-O {[%clk 1:29:07]}
O-O {[%clk 1:18:16]} 12.Qd2 {[%clk 1:28:42]} e5 {[%clk 1:03:56]}
13.Bh6 {[%clk 1:20:35]} Qe7 {[%clk 0:59:38]} 14.Bxg7 {[%clk 1:16:19]}
Kxg7 {[%clk 0:59:59]} 15.f4 {[%clk 1:16:00]} f6 {[%clk 0:57:58]}
16.Ne3 {[%clk 1:15:04]} Qd8 {[%clk 0:46:34]} 17.f5 {[%clk 1:12:10]}
g5 {[%clk 0:46:45]} 18.h4 {[%clk 1:09:58]} h6 {[%clk 0:47:10]}
19.Bf3 {[%clk 1:09:43]} Bd7 {[%clk 0:44:50]} 20.Kg2 {[%clk 1:08:19]}
Rh8 {[%clk 0:44:01]} 21.Rh1 {[%clk 1:07:14]} Qa5 {[%clk 0:37:59]}
22.c3 {[%clk 1:06:19]} Rag8 {[%clk 0:37:56]} 23.a3 {[%clk 1:01:23]}
Ne7 {[%clk 0:36:21]} 24.b4 {[%clk 0:57:45]} Qc7 {[%clk 0:36:35]}
25.d4 {[%clk 0:51:37]} Rd8 {[%clk 0:30:14]} 26.Ng4 {[%clk 0:49:22]}
cxd4 {[%clk 0:28:37]} 27.cxd4 {[%clk 0:48:47]} Nc6 {[%clk 0:28:56]}
28.Rac1 {[%clk 0:43:16]} Qb6 {[%clk 0:28:26]} 29.hxg5 {[%clk 0:42:51]}
fxg5 {[%clk 0:25:43]} 30.Rxh6 {[%clk 0:41:09]} 1-0

[Event "European Club Cup"]
[Site "chess24.com"]
[Date "2018.10.17"]
[Round "6"]
[White "Lammi, Jyri"]
[Black "Hill, Alistair"]
[Result "0-1"]
[WhiteElo "2099"]
[BlackElo "2203"]
[Annotator ""]
[Source ""]
[Remark ""]

1.d4 {[%clk 1:30:56]} Nf6 {[%clk 1:30:56]} 2.Nf3 {[%clk 1:31:12]}
g6 {[%clk 1:31:16]} 3.c4 {[%clk 1:31:20]} Bg7 {[%clk 1:31:41]}
4.Nc3 {[%clk 1:31:37]} O-O {[%clk 1:29:15]} 5.e4 {[%clk 1:30:58]}
d6 {[%clk 1:29:42]} 6.Be2 {[%clk 1:28:10]} c5 {[%clk 1:20:25]}
7.d5 {[%clk 1:22:58]} e6 {[%clk 1:20:19]} 8.O-O {[%clk 1:22:42]}
exd5 {[%clk 1:20:45]} 9.cxd5 {[%clk 1:22:53]} Bg4 {[%clk 1:19:24]}
10.Nd2 {[%clk 1:15:39]} Bxe2 {[%clk 1:19:32]} 11.Qxe2 {[%clk 1:16:06]}
Re8 {[%clk 1:17:54]} 12.f3 {[%clk 1:11:16]} a6 {[%clk 1:14:07]}
13.a4 {[%clk 1:11:06]} Nbd7 {[%clk 1:07:53]} 14.Nc4 {[%clk 1:10:19]}
Ne5 {[%clk 1:06:04]} 15.Nxe5 {[%clk 1:08:51]} Rxe5 {[%clk 1:06:29]}
16.Qc4 {[%clk 1:08:41]} Re8 {[%clk 1:03:57]} 17.Bg5 {[%clk 1:05:07]}
h6 {[%clk 0:59:22]} 18.Bh4 {[%clk 1:02:07]} Qb6 {[%clk 0:32:02]}
19.Nd1 {[%clk 0:48:00]} Nd7 {[%clk 0:32:03]} 20.a5 {[%clk 0:48:11]}
Qc7 {[%clk 0:29:59]} 21.Qc2 {[%clk 0:43:10]} b5 {[%clk 0:24:04]}
22.axb6 {[%clk 0:43:14]} Qxb6 {[%clk 0:24:32]} 23.Bf2 {[%clk 0:42:15]}
Reb8 {[%clk 0:21:26]} 24.Re1 {[%clk 0:38:00]} Ne5 {[%clk 0:16:46]}
25.Ra2 {[%clk 0:21:26]} Qb5 {[%clk 0:16:12]} 26.Nc3 {[%clk 0:17:24]}
Qc4 {[%clk 0:14:46]} 27.Re2 {[%clk 0:15:21]} Nd3 {[%clk 0:12:01]}
28.Ra4 {[%clk 0:14:20]} Rb4 {[%clk 0:12:24]} 29.Rxb4 {[%clk 0:12:31]}
Nxb4 {[%clk 0:10:59]} 30.Qd2 {[%clk 0:11:59]} Nd3 {[%clk 0:10:57]}
31.Bg3 {[%clk 0:11:31]} Rb8 {[%clk 0:10:09]} 32.Nd1 {[%clk 0:11:23]}
Rb6 {[%clk 0:06:31]} 33.h3 {[%clk 0:08:11]} Nxb2 {[%clk 0:05:47]}
34.Ne3 {[%clk 0:06:26]} Qd4 {[%clk 0:05:50]} 35.Qc2 {[%clk 0:05:47]}
c4 {[%clk 0:04:45]} 36.Bf2 {[%clk 0:05:07]} Nd3 {[%clk 0:02:17]}
37.Nf5 {[%clk 0:03:01]} Qa1+ {[%clk 0:02:32]} 38.Kh2 {[%clk 0:02:49]}
Be5+ {[%clk 0:01:44]} 39.g3 {[%clk 0:30:48]} Nxf2 {[%clk 0:31:52]}
40.Nxh6+ {[%clk 0:29:25]} Kh7 {[%clk 0:29:57]} 41.Rxf2 {[%clk 0:29:25]}
Kxh6 {[%clk 0:29:57]} 0-1

[Event "European Club Cup"]
[Site "chess24.com"]
[Date "2018.10.17"]
[Round "6"]
[White "Guha, Chirag"]
[Black "Kivilahti, Rami"]
[Result "1-0"]
[WhiteElo "1849"]
[BlackElo "2057"]
[Annotator ""]
[Source ""]
[Remark ""]

1.d4 {[%clk 1:30:48]} c6 {[%clk 1:30:28]} 2.c4 {[%clk 1:31:05]}
d5 {[%clk 1:30:53]} 3.Nf3 {[%clk 1:31:27]} Nf6 {[%clk 1:31:04]}
4.g3 {[%clk 1:31:51]} dxc4 {[%clk 1:28:41]} 5.Bg2 {[%clk 1:32:14]}
e6 {[%clk 1:28:26]} 6.Ne5 {[%clk 1:31:59]} Bb4+ {[%clk 1:18:41]}
7.Bd2 {[%clk 1:32:01]} Qxd4 {[%clk 1:04:05]} 8.Bxb4 {[%clk 1:32:23]}
Qxe5 {[%clk 1:04:22]} 9.Na3 {[%clk 1:32:45]} b5 {[%clk 0:53:36]}
10.Bc3 {[%clk 1:33:04]} Qc5 {[%clk 0:43:42]} 11.Qd2 {[%clk 1:33:24]}
Nd5 {[%clk 0:29:55]} 12.Bxg7 {[%clk 1:27:04]} Rg8 {[%clk 0:27:18]}
13.Bd4 {[%clk 1:25:06]} Qb4 {[%clk 0:18:26]} 14.Qxb4 {[%clk 1:23:59]}
Nxb4 {[%clk 0:18:54]} 15.Bc5 {[%clk 1:06:28]} Nd5 {[%clk 0:18:32]}
16.e4 {[%clk 1:04:29]} Nb6 {[%clk 0:13:08]} 17.Nc2 {[%clk 0:58:46]}
N8d7 {[%clk 0:09:59]} 18.Bd6 {[%clk 0:57:21]} e5 {[%clk 0:09:46]}
19.Ne3 {[%clk 0:56:53]} f6 {[%clk 0:07:22]} 20.Nf5 {[%clk 0:56:19]}
a5 {[%clk 0:03:25]} 21.Bf3 {[%clk 0:54:17]} Nf8 {[%clk 0:02:17]}
22.Bh5+ {[%clk 0:44:25]} Ng6 {[%clk 0:02:31]} 23.O-O-O {[%clk 0:36:54]}
Be6 {[%clk 0:00:32]} 24.g4 {[%clk 0:28:46]} Nd7 {[%clk 0:00:32]}
25.Ne7 {[%clk 0:26:29]} Rg7 {[%clk 0:00:54]} 26.Nxc6 {[%clk 0:26:07]}
Kf7 {[%clk 0:00:59]} 27.Ne7 {[%clk 0:25:40]} Ke8 {[%clk 0:00:31]}
28.Nf5 {[%clk 0:25:56]} Rg8 {[%clk 0:00:32]} 29.Rd2 {[%clk 0:20:46]}
Ra7 {[%clk 0:01:01]} 30.Rhd1 {[%clk 0:19:50]} Bf7 {[%clk 0:00:33]}
31.Bc5 {[%clk 0:18:57]} Rc7 {[%clk 0:00:33]} 32.Nd6+ {[%clk 0:17:06]} 1-0